Normal view MARC view
  • López-Morillas, Juan,

Entry Nombre Personal

Number of records used in: 2

001 - NUMERO DE CONTROL

  • campo de control: 49134

003 - IDENTIFICADOR DE NUMERO DE CONTROL

  • campo de control: DLC

005 - FECHA Y HORA DE LA ÜLTIMA TRANSACCIÓN

  • campo de control: 20230601140915.0

008 - DATOS DE LONGITUD FIJA

  • campo de control de longitud fija: 800911n| acannaabn || aaa

010 ## - NÚMERO DE CONTROL DE LA BIBLIOTECA DEL CONGRESO

  • Número de control LC: n 80110126

035 ## - NUMERO DE CONTROL

  • Número de control: (OCoLC)oca00490890

040 ## - FUENTE DE CATALOGACIÓN

  • Agencia original de catalogación: DLC
  • Lenguaje de catalogación: spa
  • Agencia de transcripción: DLC
  • Agencia que lo modifica: OCoLC
  • Agencia que lo modifica: DLC
  • Agencia que lo modifica: MX-MxUPN

100 1# - ENCABEZAMIENTO - NOMBRE PERSONAL

  • Nombre personal: López-Morillas, Juan,
  • Fechas asociadas con el nombre: 1913-1997

670 ## - FUENTE EN LA QUE SE LOCALIZARON DATOS

  • Cita de la fuente: Mapes, E. K. Y va de cuento, 1943.

670 ## - FUENTE EN LA QUE SE LOCALIZARON DATOS

  • Cita de la fuente: University of Texas at Austin Faculty Council WWW site, May 25, 2011:
  • Información localizada: index of memorial resolutions and biographical sketches (Juan López-Morillas; b. Aug. 11, 1913, Jódar, Spain; d. Mar. 21, 1997, Austin, aged 83; joined the Dept. of Spanish and Portuguese at the University of Texas at Austin in 1978, following 35 years at Brown University in the fields of Spanish and comparative literature)

670 ## - FUENTE EN LA QUE SE LOCALIZARON DATOS

  • Cita de la fuente: El krausismo español, 1956:
  • Información localizada: portada (Juan López Morillas)

902 ## - CATALOGADOR

  • Catalogador: Víctor Ruiz/010623